000 00289nam a22001337a 4500
008 170614b xxu||||| |||| 00| 0 eng d
020 _a9781568029320
041 _aeng
080 _22ND
_a32
100 _a19
101 _aSHP
245 _aPOLITICS IN ISRAEL
_cARIAN,A
942 _2udc
_cBK
999 _c17375
_d17375